Mind your language! / (Record no. 4292)
[ view plain ]
| 000 -LEADER | |
|---|---|
| fixed length control field | 00712nam a22002412a 4500 |
| 001 - CONTROL NUMBER | |
| JCCL Control Number | 4292 |
| 003 - CONTROL NUMBER IDENTIFIER | |
| JCCL marc code | BD-JhCC |
| 005 - DATE AND TIME OF LATEST TRANSACTION | |
| control field | 20171125201928.0 |
| 008 - FIXED-LENGTH DATA ELEMENTS--GENERAL INFORMATION | |
| fixed length control field | 500101s1962 enka 000 0 eng d |
| 035 ## - SYSTEM CONTROL NUMBER | |
| system control number | (BD-JhCC)4292 |
| 040 ## - CATALOGING SOURCE | |
| Original cataloging agency | DLC |
| Transcribing agency | EEM |
| Modifying agency | SER |
| -- | UKM |
| -- | EQO |
| -- | BD-JhCC |
| 041 ## - LANGUAGE CODE | |
| Language code of Book | eng |
| 050 #0 - LIBRARY OF CONGRESS CALL NUMBER | |
| Classification number | PE1385 |
| Item number | .B692 1962 |
| 082 ## - DEWEY DECIMAL CLASSIFICATION NUMBER | |
| Classification number | 422 |
| -- | 823.914 |
| Author mark and Year | BRO 1962 |
| 100 1# - MAIN ENTRY--PERSONAL NAME | |
| Personal name | Brown, Ivor John Carnegie, |
| Dates associated with a name | 1891-1974 |
| 245 10 - TITLE STATEMENT | |
| Title | Mind your language! / |
| Statement of responsibility, etc | [By] Ivor Brown. Illustrated by Derek Cousins |
| 260 ## - PUBLICATION, DISTRIBUTION, ETC. (IMPRINT) | |
| Place of publication, distribution, etc | London : |
| Name of publisher, distributor, etc | Bodley Head, |
| Date of publication, distribution, etc | 1962. |
| 300 ## - PHYSICAL DESCRIPTION | |
| Pagination | 153 p. : |
| Other physical details | illus. ; |
| Dimensions | 20 cm. |
| 650 #0 - SUBJECT ADDED ENTRY--TOPICAL TERM | |
| Topical term or geographic name as entry element | English language |
| General subdivision | Words |
| -- | History |
| 650 #0 - SUBJECT ADDED ENTRY--TOPICAL TERM | |
| Topical term or geographic name as entry element | English language |
| General subdivision | Semantics |
| 942 ## - ADDED ENTRY ELEMENTS (KOHA) | |
| Source of classification or shelving scheme | Dewey Decimal Classification |
| Koha item type | Books |
| Source of classification or shelving scheme | Damaged status | Not for loan | Home library | Current library | Shelving location | Date of accession | Total Checkouts | Full call number | Barcode | Date last seen | Copy number | Koha item type |
|---|---|---|---|---|---|---|---|---|---|---|---|---|
| Dewey Decimal Classification | JCC Rouf Library | JCC Rouf Library | General Stacks | 11/25/2017 | 422 BRO 1962 | 6195 | 11/25/2017 | C- 1 | Books |